Legends of Indian buddhism : (Record no. 124696)

MARC details
000 -LEADER
fixed length control field 00744nam a22002297a 4500
005 - DATE AND TIME OF LATEST TRANSACTION
control field 20170124105943.0
010 ## - LIBRARY OF CONGRESS CONTROL NUMBER
LC control number 785727
020 ## - INTERNATIONAL STANDARD BOOK NUMBER
Terms of availability 30.00
035 ## - SYSTEM CONTROL NUMBER
System control number 785727
037 ## - SOURCE OF ACQUISITION
Source of stock number/acquisition Cen Lib/Ret
040 ## - CATALOGING SOURCE
Original cataloging agency DPL
Language of cataloging EN
082 ## - DEWEY DECIMAL CLASSIFICATION NUMBER
Classification number 250.44
Item number LEG
245 ## - TITLE STATEMENT
Title Legends of Indian buddhism :
Statement of responsibility, etc edited by L.Cranmer-Byng [and] S.A.Kapadia
Remainder of title translated from l intrtoduction a l historie du buddhisme Indien of eugene burou /
260 ## - PUBLICATION, DISTRIBUTION, ETC. (IMPRINT)
Place of publication, distribution, etc Delhi
Name of publisher, distributor, etc Ess Ess publications
Date of publication, distribution, etc 1903
270 ## - ADDRESS
Address KD/6A,Ashok vihar
City Delhi
Postal code 110052
300 ## - PHYSICAL DESCRIPTION
Extent 128p.
Dimensions 20cm(Hb)
650 ## - SUBJECT ADDED ENTRY--TOPICAL TERM
Topical term or geographic name as entry element Buddhism.
9 (RLIN) 1068
650 ## - SUBJECT ADDED ENTRY--TOPICAL TERM
Topical term or geographic name as entry element Buddhist legends
9 (RLIN) 11635
700 ## - ADDED ENTRY--PERSONAL NAME
Personal name Byng,L.Cranmer
9 (RLIN) 60430
700 ## - ADDED ENTRY--PERSONAL NAME
Personal name Kapadia S.A.
9 (RLIN) 11636
942 ## - ADDED ENTRY ELEMENTS (KOHA)
Source of classification or shelving scheme Dewey Decimal Classification
Koha item type English Books
Classification part 250.44
Call number suffix LEG
Holdings
Withdrawn status Lost status Damaged status Not for loan Home library Current library Date acquired Source of acquisition Cost, normal purchase price Total Checkouts Full call number Barcode Date last seen Copy number Cost, replacement price Price effective from Koha item type Public note
Written off       Central Library Central Library 18/06/2015 Cen Lib/Ret 30.00   250.44 LEG 785727 18/06/2015 1 30.00 18/06/2015 English Books W/d list no. 6837/4

© Delhi Public Library
Hit Counter
free hit counter